1639 1449 1686 1043 1273 1356 1596 1878 1456 1623 1119 1704 1237 1935 1165 1336 1654 1247 1765 1064 1471 1537 1234 1147 1012 1021 1563 1264 1151 1214 1064 1121 1336 1057 1661 1139 1542 1197 1090 1467 1116 1234 1213 1479 1698 1683 1244 1481 1173 1681 1660 1965 1496 1978 1507 1689 1934 1301 1422 1513 1474 1883 2000 1297 1901 1005 1798 1762 1131 1881 1184 1261 1493 1265 1343 1035 1974 1535 1280 1145 1810 1742 1119 1903 1242 1891 1352 1545 1715 1762 1590 1876 1715 1536 1243 1177 1832 1661 1422 BCNSPRNW ULIB Ver.6.0+V

เปลี่ยนเป็นภาษาไทย

Change to English
 แสดงรายละเอียดบรรณานุกรม
  กลับหน้าหลัก

Brief Record : Get Marc (ISO 2709) : E-mail record : QR code < ปิดหน้าต่าง
LEADER : 00000nam 2200000uu 4500
001    13399125917
003     ULIB
008    170928s2555||||th 000 0 tha d
020    ^a9786167481241
090    ^aนว.^bว111น
100    ^aว.วินิจฉัยกุล
245    ^aน้ำใสใจจริง /^cว.วินิจฉัยกุล
260    ^aกรุงเทพฯ :^bทรีบีส์,^c2555
300    ^a461 หน้า
945    ^p0^l0^i003364
999    ^aประนอม เกษจรัล
รายการนี้ยังไม่มีแท็ก
คุณยังไม่ได้ล็อกอิน คุณสามารถมีกิจกรรมร่วมกับเว็บไซต์ได้ แต่ต้องล็อกอินก่อน ::
  ล็อกอิน

รายการสื่อสารสนเทศ

ลำดับที่ ประเภท เลขเรียก/บาร์โค้ด สถานที่ สถานะ
1. วิทยาศาสตร์การแพทย์ และสุขภาพ
วิทยาศาสตร์การแพทย์ และสุขภาพ
นว. ว111น ฉ.1 
  Barcode: 003364
ห้องสมุดวิทยาเขตนครสวรรค์
►นวนิยาย:l:Fiction
บนชั้น

รายการใกล้เคียง
    ผู้แต่ง [ว.วินิจฉัยกุล]

BibComment


ยังไม่เคยถูกคอมเมนท์

คอมเมนท์ทรัพยากรรายการนี้
  คอมเมนท์: น้ำใสใจจริง ววิ..


 Copyright 2026. Bcnsprnw @Library